| 000 | 00488pab a2200181 454500 | ||
|---|---|---|---|
| 008 | 180718b1999 xxu||||| |||| 00| 0 eng d | ||
| 100 | _aNarayanamoorthy, A. | ||
| 245 | _aAgricultural growth and migration: search for new evidence | ||
| 260 | _c1999 | ||
| 300 | _ap.402-11 | ||
| 362 | _aJul-Sep | ||
| 650 | _aMigration | ||
| 650 | _aAgriculture | ||
| 700 | _aDeshpande, R.S. | ||
| 700 | _aJyolishi, Amalendu | ||
| 773 | _aIndian Journal of Agricultural Economics | ||
| 909 | _a43127 | ||
| 999 |
_c43127 _d43127 |
||